000 00713nam a2200277Ia 4500
005 20260306172722.0
008 008 260114s9999 xx 000 0 eng d
020 _a9789389347654
037 _aEBOOK
040 _aCRL
040 _beng
040 _cCRL
041 _2eng
041 _aeng
084 _qCRL
100 _aKrori, K. D.
_91131233
245 0 _aPrinciples Of Non-Relativistic And Relativistic Quantum Mechanics - Second Edition
250 _a2
260 _bPHI
260 _c2025
650 _aFaculty of Technology/ Physics
_91131221
856 _uhttps://elibrary.phindia.com/ebooks/reader/9789389347654
942 _cEBOOK
999 _c1714888
_d1714888